Oppenheim's international law. (Record no. 585995)
[ view plain ]
| 000 -LEADER | |
|---|---|
| fixed length control field | 01244cam a2200349 a 4500 |
| 001 - CONTROL NUMBER | |
| control field | 15492513 |
| 003 - CONTROL NUMBER IDENTIFIER | |
| control field | NUST |
| 005 - DATE AND TIME OF LATEST TRANSACTION | |
| control field | 20210719122910.0 |
| 008 - FIXED-LENGTH DATA ELEMENTS--GENERAL INFORMATION | |
| fixed length control field | 081021s1996 enk 000 0 eng |
| 010 ## - LIBRARY OF CONGRESS CONTROL NUMBER | |
| LC control number | 2008277928 |
| 020 ## - INTERNATIONAL STANDARD BOOK NUMBER | |
| International Standard Book Number | 817808855x |
| 038 ## - RECORD CONTENT LICENSOR | |
| Staff Name | waseem |
| 040 ## - CATALOGING SOURCE | |
| Original cataloging agency | DLC |
| Transcribing agency | DLC |
| 050 00 - LIBRARY OF CONGRESS CALL NUMBER | |
| Classification number | KZ3264.A3 |
| Item number | I58 1996 |
| 082 ## - DEWEY DECIMAL CLASSIFICATION NUMBER | |
| Classification number | 341 |
| Author Mark | OPP |
| 100 1# - MAIN ENTRY--PERSONAL NAME | |
| Personal name | Oppenheim, L. |
| Fuller form of name | (Lassa), |
| Dates associated with a name | 1858-1919. |
| 9 (RLIN) | 81074 |
| 245 10 - TITLE STATEMENT | |
| Title | Oppenheim's international law. |
| Number of part/section of a work | Vol. 1, |
| Name of part/section of a work | Peace / |
| Statement of responsibility, etc. | edited by Sir Robert Jennings and Sir Arthur Watts. |
| 246 30 - VARYING FORM OF TITLE | |
| Title proper/short title | Peace |
| 250 ## - EDITION STATEMENT | |
| Edition statement | 9th ed. |
| 260 ## - PUBLICATION, DISTRIBUTION, ETC. | |
| Place of publication, distribution, etc. | New Delhi : |
| Name of publisher, distributor, etc. | Pearson, |
| Date of publication, distribution, etc. | 2005. |
| 300 ## - PHYSICAL DESCRIPTION | |
| Extent | 554 p. ; |
| Dimensions | 24 cm. |
| 500 ## - GENERAL NOTE | |
| General note | Rev. ed. of: International law. 8th ed. 1955-. |
| 504 ## - BIBLIOGRAPHY, ETC. NOTE | |
| Bibliography, etc. note | Includes bibliographical references and index. |
| 563 ## - BINDING INFORMATION | |
| Binding note | Paperback. |
| 650 #0 - SUBJECT ADDED ENTRY--TOPICAL TERM | |
| Topical term or geographic name entry element | International law. |
| 9 (RLIN) | 8483 |
| 700 1# - ADDED ENTRY--PERSONAL NAME | |
| Personal name | Jennings, R. Y. |
| Fuller form of name | (Robert Yewdall), |
| Dates associated with a name | 1913-2004. |
| 9 (RLIN) | 81075 |
| 700 1# - ADDED ENTRY--PERSONAL NAME | |
| Personal name | Watts, Arthur, |
| Dates associated with a name | 1931-2007. |
| 9 (RLIN) | 81076 |
| 700 1# - ADDED ENTRY--PERSONAL NAME | |
| Personal name | Oppenheim, L. |
| Fuller form of name | (Lassa), |
| Dates associated with a name | 1858-1919. |
| Title of a work | International law. |
| 9 (RLIN) | 81077 |
| 906 ## - LOCAL DATA ELEMENT F, LDF (RLIN) | |
| a | 7 |
| b | cbc |
| c | origres |
| d | 2 |
| e | ncip |
| f | 20 |
| g | y-gencatlg |
| 942 ## - ADDED ENTRY ELEMENTS (KOHA) | |
| Source of classification or shelving scheme | |
| Koha item type | Book |
| Withdrawn status | Lost status | Source of classification or shelving scheme | Damaged status | Not for loan | Permanent Location | Current Location | Shelving location | Date acquired | Total Checkouts | Total Renewals | Full call number | Barcode | Date last seen | Date last checked out | Price effective from | Koha item type |
|---|---|---|---|---|---|---|---|---|---|---|---|---|---|---|---|---|
| NUST Law School (NLS) | NUST Law School (NLS) | Law | 07/19/2021 | 2 | 1 | 341 OPP | CL-579 | 01/23/2026 | 09/26/2025 | 07/19/2021 | Book |
